Prečo sa muži radi preceňujú... Novoročný koncert SAV priviedol poslucháčov do Zeme úsmevov

Bibliographic Details
Main Author: PP (Author)
Corporate Author: Štátna filharmónia Košice (Author)
Format: Article
Language:Slovak
PhysicalDescription:1 obr.
Subjects:

MARC

LEADER 00000nab a2200000 a 4500
001 vtls000908381
003 SK-MaSNL
005 20260305003910.0
008 040720e20020114xo 0 slo
035 |a KE17315 
040 |a KEVKJB  |b slo  |c KEVKJB  |e AACR2 
041 0 |a slo 
044 |a xo  |c SK 
080 |a 785.7  |2 1981 
100 0 |a PP  |4 aut  |9 870577 
245 1 0 |a Prečo sa muži radi preceňujú...  |b Novoročný koncert SAV priviedol poslucháčov do Zeme úsmevov 
300 |b 1 obr. 
610 2 7 |a Štátna filharmónia Košice  |2 KEVKJB  |9 56989 
650 0 7 |a koncerty  |2 KEVKJB  |9 19182 
650 0 7 |a informácie  |2 KEVKJB  |9 1285 
651 7 |a Košice (Slovensko)  |2 KEVKJB  |9 18694 
651 7 |a KE,  |2 KEVKJB  |9 877256 
655 7 |a periodikum  |2 snkbucl  |9 29553 
710 2 |a Štátna filharmónia Košice  |4 aut  |9 56989 
773 0 8 |t Košický večer  |g Roč. 13  |g Roč. 34, č.9, 14.1.2002, s. 6 
852 |a ZVYKNI  |b KIS3GCP 
999 |c 3233021  |d 3234951